000 00510nam a2200181Ia 4500
008 090123s9999 xx 000 0 und d
082 _b25454
100 _aतेंडुलकर प्रिया
245 _aअसही
250 _a1
260 _bडिंपल प्रकाशन
300 _a158
600 _aतेंडुलकर प्रिया
630 _aअसही
700 _aतेंडुलकर प्रिया
730 _aअसही
942 _cBOOK
999 _c63525
_d63525